00483nam a22001577a 450000500170000001000130001702000260003003500130005603700400006908200100010910000160011924500350013526000490017027000820021930000240030120180622122737.0 aB-230429 a9788187111740c295.00 aB-230429 adplbVakils, Feffer and Simons Pvt. a641.5 aDalal, Katy aSeafood fiesta/cby Katy Dalal aMumbaibVakils, Feffer and Simons Pvt.c2005 aIndustry Manor, 2nd floor, appasaheb marathe Marg Prabhadevib Mumbaie400025 a184p.c23.5cm.(Hb.)